Govt. of
Madhya Pradesh

Advanced Computer Application in Library and Information Scicence (Record no. 64962)

MARC details
000 -LEADER
fixed length control field 00305nam a2200109Ia 4500
008 - FIXED-LENGTH DATA ELEMENTS--GENERAL INFORMATION
fixed length control field 221009s9999 xx 000 0 und d
082 ## - DEWEY DECIMAL CLASSIFICATION NUMBER
Classification number 020
100 ## - MAIN ENTRY--PERSONAL NAME
Personal name Pandey,Sujit Kumar
9 (RLIN) 80054
245 #0 - TITLE STATEMENT
Title Advanced Computer Application in Library and Information Scicence
260 ## - PUBLICATION, DISTRIBUTION, ETC. (IMPRINT)
Name of publisher, distributor, etc. Shree Publication
942 ## - ADDED ENTRY ELEMENTS (KOHA)
Koha item type Books

No items available.